000 01003nam a22002417a 4500
005 20240530110857.0
008 181226s2019 ua ac f b 000 0dara d
017 _a2019/13497
_bمصر. دار الكتب
020 _a9789779087818
040 _aEG-CaGPL
_cEG-CaGPL
082 0 4 _221
_a962.16
_bق/ط ر
100 0 _aطارق والى
245 1 0 _aرحلة القاهرة المحروسة :
_bمن عصر الولاية الى عصر الاستقلال الوطنى /
_cطارق والى
250 _aط.1
260 _aالقاهرة :
_bمركز طارق والى : العمارة والتراث،
_c2019 .
300 _a4 مج :
_bايض ؛
_c25 سم.
490 _aلطائف العمران فى دراسة المكان :
_vالكتاب الثانى
504 _aيشتمل على ارجاعات ببليوجرافية
651 0 7 _2qrmak
_aالقاهرة
_xالاحوال السياسية
651 0 7 _2qrmak
_aالقاهرة
_xتاريخ
942 _2ddc
_cBK
999 _c66050
_d66050